Normal view
MARC view
Entry Corporate Name
001 - CONTROL NUMBER
- control field: 11628
003 - CONTROL NUMBER IDENTIFIER
- control field: BD-RjUL
005 - DATE AND TIME OF LATEST TRANSACTION
- control field: 20240211151233.0
008 - FIXED-LENGTH DATA ELEMENTS
- fixed length control field: 240211|| aca||aabn | a|a d
040 ## - CATALOGING SOURCE
- Original cataloging agency: BD-RjUL
- Transcribing agency: BD-RjUL
110 ## - HEADING--CORPORATE NAME
- Corporate name or jurisdiction name as entry element: British Museum.
- Form subheading: Manuscript.
- Number of part/section/meeting: Oriental 9496
670 ## - SOURCE DATA FOUND
- Source citation: Work cat.: (BD-RjUL)83039: Tadhkirat al-muluk :, 1980, c1943.